[Event "Fredericia WIM 2019"]
[Site "Fredericia"]
[Date "2019.05.29"]
[Round "1.6"]
[White "Kakulidis, Ellen"]
[Black "Sahl, Sheila Barth"]
[Result "0-1"]
[WhiteElo "2014"]
[BlackElo "2127"]
[Annotator "TA"]
[PlyCount "94"]
[EventDate "2019.05.29"]
[EventType "tourn"]
[EventCountry "DEN"]
[SourceTitle "playchess.com"]
[Source "ChessBase"]
[SourceQuality "1"]

{[%evp 9,94,20,24,21,25,25,18,18,7,12,4,-7,-3,-9,0,3,0,-1,0,-27,-14,-20,0,-11,0,0,5,0,16,10,35,39,71,53,45,47,100,69,72,64,107,107,164,107,108,82,91,25,20,0,0,-7,0,-325,-325,-1519,-1510,-1287,-1283,-29987,-986,-949,-519,-6900,-6399,-2348,-1923,-1998,-1989,-1986,-2000,-1837,-1858,-1707,-1693,-1599,-1550,-4918,-4918,-29972,-29975,-29974,-29972,-29986,-29985,-29994,-29995]} 1. d4 Nf6 2. g3 d5 3. Nf3 Bf5 4. c4 c6 5. Nc3 e6 6. Nh4 {D11: Slav Defence: 3 Nf3 sidelines and 3...Nf6 4 e3 Bg4} dxc4 (6... Be4 7. f3 Bg6 8. Qb3 Qb6 9. Nxg6 hxg6 10. c5 Qc7 11. e4 dxe4 12. Bf4 Qc8 13. fxe4 {1-0 (54) Inarkiev,E (2693)-Hovhannisyan,R (2637) St Petersburg 2018}) 7. Nxf5 exf5 8. e3 {The position is equal.} Nbd7 {[%cal Bb8d7,Bd7b6,Bb6d5][%mdl 32]} 9. Bxc4 {Qb3! is the strong threat.} Nb6 10. Bf1 (10. Bb3 {keeps more tension.} Qd7 11. f3 Be7 12. Qc2 Rd8 13. O-O) 10... Be7 $146 ({Predecessor:} 10... h5 11. Bg2 h4 12. Qb3 a5 {1-0 (57) Laxman,R (2392)-Himanshu,S (2510) Patna 2017}) 11. Bg2 O-O 12. O-O Re8 13. Qc2 g6 14. b3 Nbd5 15. Bb2 Bf8 16. Rfe1 Qd7 17. a3 Re6 18. Ne2 Ne4 19. Nc1 f6 20. Nd3 Qe8 21. Rac1 Rd8 22. b4 {[%cal Bb3b4,Bb4c5][%mdl 32]} a5 ({Better is} 22... g5 $14) 23. Nc5 Bxc5 24. bxc5 Ng5 25. Bc3 a4 (25... Ra8 $16 {was necessary.}) 26. Rb1 (26. Qxa4 $18 Re7 27. Qb3) 26... Ne4 $16 27. Bxe4 Rxe4 28. Rxb7 (28. Bd2 $16) 28... f4 $1 $11 {[%cal Rf4e3]} 29. gxf4 Nxf4 30. Qa2+ Nd5 31. Ba1 $2 {[%mdl 8192]} (31. Ba5 $11 Ra8 32. Bc7) 31... Qe6 $19 {Threatens to win with ...Rg4+.} ({Not} 31... Rg4+ 32. Kf1 $19) 32. Kf1 $2 (32. Qe2 Qh3 33. f3 Rxe3 34. Qxe3 Nxe3 35. Rxe3) 32... Qh3+ 33. Ke2 {[#]} Rxe3+ $1 {[%mdl 576] Double Attack} 34. Kd2 (34. fxe3 Qxh2+) 34... Rxa3 (34... Rxe1 $142 35. Kxe1 Re8+ 36. Qe2 Rxe2+ 37. Kxe2 Nf4+ 38. Kd2 Qd3+ 39. Kc1 Ne2+ {[%mdl 64] Double Attack} 40. Kb2 Qd2+ 41. Kb1 Qc1+ {[%mdl 64] Double Attack} 42. Ka2 Qc2+ 43. Bb2 Nc3+ {[%mdl 64] Discovered Attack} 44. Ka1 Qb1#) 35. Qc4 Qxh2 {Strongly threatening ...Rxa1!} 36. Rbe7 (36. Qe2 $142 Ra2+ 37. Bb2 Qh6+ 38. Kd1 Nc3+ {[%mdl 64] Discovered Attack} 39. Bxc3 Rxe2 40. Rxe2) 36... Qxf2+ 37. R7e2 Qf4+ 38. Kc2 Kg7 39. Bb2 Ne3+ 40. Rxe3 Rxe3 41. Rxe3 Qxe3 42. Qxa4 {[%mdl 4096] Endgame KQR-KQB} Qe4+ 43. Kb3 g5 44. Qa7+ Kg6 {Black mates.} 45. Qb6 Re8 46. Qb7 g4 47. Qc7 Qd3+ {Accuracy: White = 32%, Black = 48%.} 0-1

[Event "Fredericia WIM 2019"]
[Site "Fredericia"]
[Date "2019.05.29"]
[Round "1.7"]
[White "Mayrhuber, Nikola"]
[Black "Sucikova, Svetlana"]
[Result "0-1"]
[WhiteElo "1985"]
[BlackElo "2110"]
[Annotator "TA"]
[PlyCount "70"]
[EventDate "2019.05.29"]
[EventType "tourn"]
[EventCountry "DEN"]
[SourceTitle "playchess.com"]
[Source "ChessBase"]
[SourceQuality "1"]

{[%evp 16,70,16,25,33,41,45,27,88,44,60,54,85,23,27,36,32,-4,9,0,39,-31,-35,-53,-45,-62,-38,-56,-31,-63,-69,-96,-47,-78,-74,-107,-5,-74,-70,-92,-63,-71,-76,-159,-160,-130,-49,-49,-45,-191,-195,-368,-339,-779,-773,-1054,-1014]} 1. d4 d5 2. Nf3 Nf6 3. c4 e6 4. g3 Be7 5. Bg2 O-O 6. O-O c6 7. Qc2 Nbd7 8. b3 b6 9. Rd1 Qc7 {E08: Closed Catalan: Main Line: 7 Qc2} (9... a5 10. Nbd2 Ba6 11. e4 Rc8 12. Bb2 c5 13. exd5 exd5 14. Qf5 g6 15. Qh3 Bb7 16. Ne5 cxd4 17. Nxd7 Nxd7 18. Bxd4 {1-0 (64) Vidit,S (2702)-Karjakin,S (2753) Kolkata 2018}) 10. cxd5 $146 ({Predecessor:} 10. Nc3 Ba6 11. Bf4 Bd6 12. Bxd6 Qxd6 13. e4 Nxe4 14. Nxe4 dxe4 15. Qxe4 Nf6 16. Qe3 {1-0 (43) Turzo,A (2400)-Zakarias,D (2235) Hungary 2004}) 10... exd5 11. Nc3 Bd6 (11... Re8 $11 {remains equal.}) 12. Bb2 Re8 13. Rac1 Ba6 14. Nh4 (14. Nd2 $16) 14... Rac8 $11 15. Nf5 Bb4 16. Ne3 {[%cal Rc3d5] [#] Threatens to win with Ncxd5!} Qb8 17. a3 Bf8 18. Qf5 (18. b4 $14) 18... g6 $15 19. Qh3 h5 20. Rc2 Rcd8 21. Bf3 Qd6 22. Bc1 Bg7 23. b4 b5 24. Qg2 Nb6 25. Nb1 Nfd7 (25... Bc8 $17 26. Nc3 Qe7) 26. h3 (26. g4 $1 $11) 26... Nf8 27. Nf1 Ne6 28. e3 Ng5 29. Nfd2 (29. Be2 $142) 29... Bc8 $36 {[%mdl 2048] Black is in control.} 30. g4 Qf6 (30... Qe6 $17 31. Be2 hxg4 32. Bxg4 Nxh3+ 33. Bxh3 Qxh3 34. Qxh3 Bxh3 35. Rxc6 Bg4) 31. Be2 $1 $15 hxg4 32. Bxg4 {[#]} (32. hxg4 $15 Nc4 33. Nxc4 bxc4 34. Nc3) 32... Bf5 $1 $19 {[%cal Rf5c2]} 33. Bxf5 $2 (33. Ra2) 33... Qxf5 {[%mdl 64] Double Attack} ({Less strong is} 33... gxf5 34. Kh2 $15) 34. Rxc6 $2 (34. Rc3) 34... Nxh3+ 35. Kf1 Rxe3 {Accuracy: White = 16%, Black = 51%.} 0-1

[Event "Fredericia WIM 2019"]
[Site "Fredericia"]
[Date "2019.05.29"]
[Round "1.8"]
[White "Kanakova, Natalie"]
[Black "Keetman, Maaike"]
[Result "*"]
[WhiteElo "2205"]
[BlackElo "2146"]
[Annotator "TA"]
[PlyCount "48"]
[EventDate "2019.05.29"]
[EventType "tourn"]
[EventCountry "DEN"]
[SourceTitle "playchess.com"]
[Source "ChessBase"]
[SourceQuality "1"]

{[%evp 14,48,0,8,20,0,21,0,0,0,6,9,4,-6,31,12,51,37,35,40,89,47,44,58,54,35,41,39,48,17,19,16,12,0,0,0,0]} 1. Nf3 e6 2. c4 Nf6 3. e3 b6 4. b3 Bb7 5. Bb2 c5 6. Be2 Be7 7. O-O O-O 8. d4 Ne4 {A30: Symmetrical English: Double Fianchetto and Hedgehog} (8... cxd4 9. Qxd4 d6 10. Rd1 Nbd7 11. Nc3 a6 12. e4 Qb8 13. h3 Rd8 14. Qe3 Qc7 15. b4 Rac8 16. a3 {1-0 (71) Granda Zuniga,J (2650)-Bacallao Alonso,Y (2582) Buenos Aires 2018}) 9. Nfd2 Nxd2 10. Nxd2 (10. Qxd2 {is more complex.} cxd4 11. Bxd4 f5 12. Be5 Nc6 13. Bb2) 10... cxd4 11. Bxd4 $146 ({Predecessor:} 11. exd4 d5 12. a3 Nc6 13. b4 Bf6 14. Nb3 dxc4 15. Bxc4 Qd7 {0-1 (70) Zallio,L (2245)-Mousse Neto,S (2084) Manaus 2018}) 11... Nc6 {[%cal Bb8c6,Bc6b4,Bb4d3,Bd3c5,Bc5e4,Be4d2][%mdl 32]} 12. Bb2 d5 13. Bf3 Nb4 14. Qb1 Bf6 15. Bxf6 Qxf6 16. a3 Qc3 17. Rd1 Nd3 18. cxd5 exd5 19. Nf1 Nc5 20. b4 Ne4 21. Rc1 Qe5 {The position is equal.} 22. Qd3 Rac8 23. Ng3 Qb2 24. Ne2 Nd2 {Accuracy: White = 39%, Black = 50%.} *

[Event "Fredericia WIM 2019"]
[Site "Fredericia"]
[Date "2019.05.29"]
[Round "1.9"]
[White "Guindy, Esmat Susanne"]
[Black "Stolberg-Rohr, Thomine"]
[Result "1-0"]
[WhiteElo "2156"]
[BlackElo "2025"]
[Annotator "TA"]
[PlyCount "63"]
[EventDate "2019.05.29"]
[EventType "tourn"]
[EventCountry "DEN"]
[SourceTitle "playchess.com"]
[Source "ChessBase"]
[SourceQuality "1"]

{[%evp 12,63,10,15,18,0,18,11,14,-4,29,-25,8,4,0,-2,-2,-6,8,-14,-15,-17,65,-59,-42,-47,-70,-78,0,0,0,0,0,-145,0,0,0,0,4,12,14,0,0,0,4,6,43,22,143,146,2245,2218,29997,29998]} 1. c4 c5 2. Nc3 Nc6 3. g3 g6 4. Bg2 Bg7 5. e3 e6 6. Nge2 Nge7 7. d4 O-O {A36: Symmetrical English vs ...g6: 4 Bg2 Bg7} 8. O-O d6 (8... cxd4 9. exd4 d5 10. cxd5 Nxd5 11. Nxd5 exd5 12. Be3 Be6 13. Qd2 Re8 14. Nf4 Qd7 15. Rfe1 Ne7 16. Nxe6 Qxe6 17. Bf4 Qd7 18. Be5 Nc6 19. Bxg7 Kxg7 20. h4 h6 21. Qf4 Rad8 22. Rad1 Rxe1+ 23. Rxe1 Qd6 24. Qd2 Qf6 25. Rd1 Qd6 26. Re1 Qf6 27. Rd1 Qd6 28. Re1 {½-½ (28) Matlakov,M (2700)-Grischuk,A (2771) St Petersburg 2018}) 9. dxc5 dxc5 {The position is equal.} 10. a3 Ne5 $146 ({Predecessor:} 10... Qxd1 11. Rxd1 Na5 12. Ne4 Nb3 13. Rb1 Rb8 14. Rd3 Nxc1 15. Nxc1 b6 16. b4 f5 17. Nd6 {½-½ (17) Feistenauer,H (2094)-Isonzo,D (2347) Imperia 2003}) 11. Qb3 ({Better is} 11. b3) 11... N7c6 12. Rd1 Qe7 $1 13. Qa2 Bd7 14. b3 Rad8 15. Qc2 Na5 16. Bd2 Bc6 ({Black should play} 16... b6 $11) 17. Ne4 (17. Nd5 $1 $14 exd5 18. Bxa5) 17... b6 18. Rab1 f5 19. f4 Bxe4 (19... Ng4 $17 20. h3 Nxe3 21. Bxe3 fxe4) 20. Bxe4 $11 fxe4 21. fxe5 Nc6 22. Bc3 {[#]} (22. Qxe4 $11 Nxe5 23. Nf4) 22... Nxe5 (22... Rxd1+ $1 $17 23. Rxd1 Qf7) 23. Bxe5 Bxe5 24. Qxe4 Bg7 25. Nf4 Rfe8 26. Rd3 Rxd3 27. Qxd3 Rd8 28. Qe4 Rd6 29. Rf1 Bh6 (29... Rd8 $11 {remains equal.}) 30. Nd5 $1 $16 {[%cal Rd5e7][%mdl 64] [#] Pin} Qg5 $2 {[%mdl 8192]} (30... Qd8 $16 31. Nf6+ Kh8) 31. Nf6+ $18 Kh8 32. Qa8+ {[%mdl 64] Double Attack. Accuracy: White = 38%, Black = 15%.} 1-0

[Event "Fredericia WIM 2019"]
[Site "Fredericia"]
[Date "2019.05.30"]
[Round "2.6"]
[White "Keetman, Maaike"]
[Black "Guindy, Esmat Susanne"]
[Result "*"]
[WhiteElo "2146"]
[BlackElo "2156"]
[Annotator "TA"]
[PlyCount "37"]
[EventDate "2019.05.29"]
[EventType "tourn"]
[EventCountry "DEN"]
[SourceTitle "playchess.com"]
[Source "ChessBase"]
[SourceQuality "1"]

{[%evp 15,19,31,27,18,25,24]} 1. e4 e6 2. d4 d5 3. Nd2 Nf6 4. e5 Nfd7 5. f4 c5 6. c3 Nc6 7. Ndf3 cxd4 8. cxd4 a5 9. a4 {C05: French Tarrasch: 3...Nf6 4 e5 Nfd7, 5 f4 and 5 Bd3 sidelines} (9. a3 a4 10. Bd3 Nb6 11. Ne2 Be7 12. h4 Bd7 13. h5 Nc4 14. Nc3 b5 15. f5 exf5 16. h6 g6 17. Nxd5 {½-½ (35) Hou,Y (2661)-Harika,D (2521) Sharjah 2014}) 9... Qb6 10. g3 {Predecessor:} g6 $146 11. Ne2 Be7 12. Nc3 O-O 13. Nb5 f6 14. Be2 fxe5 15. fxe5 Bb4+ 16. Bd2 Ndxe5 17. Nxe5 Nxe5 18. Bxb4 axb4 19. dxe5 {1-0 (48) Ashwini,U (1888)-Robinson,S (1833) Glasgow 2014} *

[Event "Fredericia WIM 2019"]
[Site "Fredericia"]
[Date "2019.05.30"]
[Round "2.6"]
[White "Keetman, Maaike"]
[Black "Guindy, Esmat Susanne"]
[Result "1/2-1/2"]
[WhiteElo "2146"]
[BlackElo "2156"]
[Annotator "ChessBase"]
[PlyCount "97"]
[EventDate "2019.05.29"]
[EventType "tourn"]
[EventCountry "DEN"]
[SourceTitle "playchess.com"]
[Source "ChessBase"]
[SourceQuality "1"]
[TimeControl "40/5400+30:1800+30"]

1. e4 {[%emt 0:00:00]} e6 {[%emt 0:00:00]} 2. d4 {[%emt 0:00:00]} d5 {[%emt 0:00:00]} 3. Nd2 {[%emt 0:00:00]} Nf6 {[%emt 0:00:08]} 4. e5 {[%emt 0:00:00]} Nfd7 {[%emt 0:00:09]} 5. f4 {[%emt 0:00:00]} c5 {[%emt 0:00:10]} 6. c3 {[%emt 0:00:01]} Nc6 {[%emt 0:00:27]} 7. Ndf3 {[%emt 0:00:08]} cxd4 {[%emt 0:00:16]} 8. cxd4 {[%emt 0:00:07]} a5 {[%emt 0:00:09]} 9. a4 {[%emt 0:05:25]} Qb6 {[%emt 0:04:56]} 10. g3 {[%emt 0:00:57]} f6 {[%emt 0:04:06]} 11. Bh3 {[%emt 0:03:21]} Bb4+ {[%emt 0:08:33]} 12. Kf1 {[%emt 0:00:33]} f5 {[%emt 0:15:10]} 13. Kg2 {[%emt 0:10:19]} O-O {[%emt 0:04:49]} 14. Ne2 {[%emt 0:01:28]} Qa6 {[%emt 0:03:14]} 15. g4 {[%emt 0:08:32]} Ne7 {[%emt 0:05:28]} 16. Ng3 {[%emt 0:06:29]} b5 {[%emt 0:04:05]} 17. gxf5 {[%emt 0:10:21]} exf5 {[%emt 0:01:16]} 18. Rg1 {[%emt 0:01:02]} bxa4 {[%emt 0:02:52]} 19. Kh1 {[%emt 0:05:30]} Qh6 {[%emt 0:03:12]} 20. Ng5 {[%emt 0:06:02]} Ra6 {[%emt 0:06:09]} 21. Qc2 {[%emt 0:14:55]} Rc6 {[%emt 0:04:54]} 22. Qxa4 {[%emt 0:03:35]} Nb6 {[%emt 0:00:39]} 23. Qd1 {[%emt 0:01:45]} Qh4 {[%emt 0:05:13]} 24. Bf1 {[%emt 0:02:38]} Rh6 {[%emt 0:05:54]} 25. Nf3 {[%emt 0:02:11]} Qg4 {[%emt 0:00:51]} 26. Ne4 {[%emt 0:03:07]} Rxh2+ {[%emt 0:04:41]} 27. Kxh2 {[%emt 0:01:00]} Qh5+ {[%emt 0:00:11]} 28. Bh3 {[%emt 0:01:25]} fxe4 {[%emt 0:02:54]} 29. Ng5 {[%emt 0:00:24]} Qh4 {[%emt 0:01:23]} 30. Kg2 {[%emt 0:03:10]} Bxh3+ {[%emt 0:07:23]} 31. Nxh3 {[%emt 0:00:09]} Nf5 {[%emt 0:00:09]} 32. Kh2 {[%emt 0:01:23]} Nc4 {[%emt 0:01:34]} 33. b3 {[%emt 0:02:59]} Nce3 {[%emt 0:00:58]} 34. Bxe3 {[%emt 0:02:53]} Nxe3 {[%emt 0:00:07]} 35. Qe2 {[%emt 0:00:18]} Rxf4 {[%emt 0:01:32]} 36. Qxe3 {[%emt 0:03:59]} Rf3 {[%emt 0:00:06]} 37. Qxf3 {[%emt 0:01:00]} exf3 {[%emt 0:00:12]} 38. Rac1 {[%emt 0:01:06]} g6 {[%emt 0:02:36]} 39. Rc8+ {[%emt 0:00:24]} Kf7 {[%emt 0:00:41]} 40. Rf1 {[%emt 0:00:34]} Qg4 {[%emt 0:01:45]} 41. Rxf3+ {[%emt 0:01:50]} Kg7 {[%emt 0:01:53]} 42. Rc7+ {[%emt 0:01:10]} Kg8 {[%emt 0:08:47]} 43. Rf4 {[%emt 0:03:45]} Qe2+ {[%emt 0:00:22]} 44. Rf2 {[%emt 0:00:09]} Qe3 {[%emt 0:01:42]} 45. Rc8+ {[%emt 0:07:38]} Kg7 {[%emt 0:00:57]} 46. Rc7+ {[%emt 0:00:05]} Kg8 {[%emt 0:00:25]} 47. Rc8+ {[%emt 0:00:25]} Kg7 {[%emt 0:00:14]} 48. Rc7+ {[%emt 0:00:03]} Kg8 {[%emt 0:00:59]} 49. Rc8+ {[%emt 0:00:39]} 1/2-1/2

[Event "Fredericia WIM 2019"]
[Site "Fredericia"]
[Date "2019.05.30"]
[Round "2.7"]
[White "Sucikova, Svetlana"]
[Black "Kanakova, Natalie"]
[Result "*"]
[WhiteElo "2110"]
[BlackElo "2205"]
[Annotator "TA"]
[PlyCount "26"]
[EventDate "2019.05.29"]
[EventType "tourn"]
[EventCountry "DEN"]
[SourceTitle "playchess.com"]
[Source "ChessBase"]
[SourceQuality "1"]

{[%evp 9,11,-6,0,-33]} 1. c4 e5 2. Nc3 Nf6 3. g3 c6 4. Bg2 d5 5. cxd5 cxd5 6. d4 {A23: English Opening: 1...e5 2 Nc3 Nf6 3 g3 c6} {Predecessor:} e4 $146 7. Bg5 Bb4 8. Rc1 O-O 9. e3 Nbd7 10. Qb3 Bxc3+ 11. Rxc3 b6 12. Bf4 Ba6 13. Qa3 Bc4 {0-1 (58) Stefansson,V (2300)-Praggnanandhaa,R (2507) Reykjavik 2018} *

[Event "Fredericia WIM 2019"]
[Site "Fredericia"]
[Date "2019.05.30"]
[Round "2.7"]
[White "Sucikova, Svetlana"]
[Black "Kanakova, Natalie"]
[Result "0-1"]
[WhiteElo "2110"]
[BlackElo "2205"]
[Annotator "ChessBase"]
[PlyCount "106"]
[EventDate "2019.05.29"]
[EventType "tourn"]
[EventCountry "DEN"]
[SourceTitle "playchess.com"]
[Source "ChessBase"]
[SourceQuality "1"]
[TimeControl "40/5400+30:1800+30"]

1. c4 {[%emt 0:00:02]} e5 {[%emt 0:00:13]} 2. Nc3 {[%emt 0:00:26]} Nf6 {[%emt 0:01:07]} 3. g3 {[%emt 0:00:24]} c6 {[%emt 0:00:41]} 4. Bg2 {[%emt 0:03:58]} d5 {[%emt 0:01:12]} 5. cxd5 {[%emt 0:01:52]} cxd5 {[%emt 0:00:05]} 6. d4 {[%emt 0:00:06]} e4 {[%emt 0:09:23]} 7. Bg5 {[%emt 0:00:23]} Bb4 {[%emt 0:03:46]} 8. Qb3 {[%emt 0:01:50]} Bxc3+ {[%emt 0:04:24]} 9. bxc3 {[%emt 0:01:23]} Nbd7 {[%emt 0:00:40]} 10. Nh3 {[%emt 0:06:31]} O-O {[%emt 0:01:29]} 11. Nf4 {[%emt 0:02:44]} h6 {[%emt 0:00:47]} 12. Bxf6 {[%emt 0:03:08]} Nxf6 {[%emt 0:00:05]} 13. e3 {[%emt 0:01:49]} Re8 {[%emt 0:08:25]} 14. O-O {[%emt 0:00:37]} b6 {[%emt 0:00:37]} 15. Rfc1 {[%emt 0:06:31]} Ba6 {[%emt 0:00:29]} 16. Bf1 {[%emt 0:00:10]} Bxf1 {[%emt 0:04:21]} 17. Kxf1 {[%emt 0:00:07]} g5 {[%emt 0:01:00]} 18. Ne2 {[%emt 0:03:01]} Qd7 {[%emt 0:02:23]} 19. Kg2 {[%emt 0:03:51]} Qf5 {[%emt 0:11:03]} 20. Ng1 {[%emt 0:00:07]} h5 {[%emt 0:01:20]} 21. c4 {[%emt 0:02:16]} Re6 {[%emt 0:08:21]} 22. Rc2 {[%emt 0:03:42]} h4 {[%emt 0:03:19]} 23. cxd5 {[%emt 0:01:31]} Nxd5 {[%emt 0:00:15]} 24. Rac1 {[%emt 0:03:09]} Rf6 {[%emt 0:02:46]} 25. Qb2 {[%emt 0:06:36]} Kg7 26. Rc6 {[%emt 0:05:11]} h3+ {[%emt 0:08:38]} 27. Nxh3 {[%emt 0:02:08]} Qf3+ {[%emt 0:00:33]} 28. Kg1 {[%emt 0:00:50]} Qh5 {[%emt 0:00:56]} 29. Rxf6 {[%emt 0:05:31]} Nxf6 {[%emt 0:00:06]} 30. Qb5 {[%emt 0:02:03]} Kg6 {[%emt 0:02:47]} 31. Rc6 {[%emt 0:05:04]} Rh8 {[%emt 0:02:43]} 32. f4 {[%emt 0:14:30]} Qd1+ {[%emt 0:00:38]} 33. Kg2 {[%emt 0:00:09]} Qf3+ {[%emt 0:00:24]} 34. Kg1 {[%emt 0:00:02]} Qd1+ {[%emt 0:09:40]} 35. Kg2 {[%emt 0:00:32]} Qf3+ {[%emt 0:00:46]} 36. Kg1 {[%emt 0:00:05]} Qxe3+ {[%emt 0:00:59]} 37. Nf2 {[%emt 0:00:22]} gxf4 {[%emt 0:01:01]} 38. Kf1 {[%emt 0:06:35]} Qxd4 {[%emt 0:02:31]} 39. g4 {[%emt 0:09:31]} Qa1+ {[%emt 0:00:28]} 40. Ke2 {[%emt 0:00:02]} Qxa2+ {[%emt 0:00:26]} 41. Kf1 {[%emt 0:03:03]} Qa1+ {[%emt 0:04:10]} 42. Ke2 {[%emt 0:00:02]} f3+ {[%emt 0:06:22]} 43. Ke3 {[%emt 0:00:09]} Qe1+ {[%emt 0:00:09]} 44. Kf4 {[%emt 0:00:06]} Qd2+ {[%emt 0:00:29]} 45. Kg3 {[%emt 0:01:21]} Qg5 {[%emt 0:00:43]} 46. Qxg5+ {[%emt 0:08:50]} Kxg5 {[%emt 0:00:04]} 47. Nh3+ {[%emt 0:00:06]} Rxh3+ {[%emt 0:03:31]} 48. Kxh3 {[%emt 0:00:02]} f2 {[%emt 0:03:20]} 49. Kg2 {[%emt 0:02:11]} Nxg4 {[%emt 0:00:09]} 50. h3 {[%emt 0:00:59]} Ne5 {[%emt 0:00:09]} 51. Rc7 {[%emt 0:00:35]} e3 {[%emt 0:01:42]} 52. Rxa7 {[%emt 0:02:22]} Nf3 {[%emt 0:02:43]} 53. Rxf7 {[%emt 0:06:52]} e2 {[%emt 0:00:27]} 0-1

[Event "Fredericia WIM 2019"]
[Site "Fredericia"]
[Date "2019.05.30"]
[Round "2.8"]
[White "Sahl, Sheila Barth"]
[Black "Nilssen, Ellen Fredericia"]
[Result "*"]
[WhiteElo "2127"]
[BlackElo "2129"]
[Annotator "TA"]
[PlyCount "21"]
[EventDate "2019.05.29"]
[EventType "tourn"]
[EventCountry "DEN"]
[SourceTitle "playchess.com"]
[Source "ChessBase"]
[SourceQuality "1"]

{[%evp 9,10,0,-7]} 1. d4 Nf6 2. Bf4 d5 3. e3 g6 4. Nc3 Bg7 5. h4 c5 {Predecessor:} 6. Nb5 $146 Na6 7. c3 O-O 8. h5 Bd7 9. hxg6 fxg6 10. Nf3 Qb6 11. a4 {1-0 (47) Aronian,L (2789)-Nepomniachtchi,I (2751) chess.com INT 2017} *

[Event "Fredericia WIM 2019"]
[Site "Fredericia"]
[Date "2019.05.30"]
[Round "2.8"]
[White "Sahl, Sheila Barth"]
[Black "Nilssen, Ellen Fredericia"]
[Result "1-0"]
[WhiteElo "2127"]
[BlackElo "2129"]
[Annotator "ChessBase"]
[PlyCount "71"]
[EventDate "2019.05.29"]
[EventType "tourn"]
[EventCountry "DEN"]
[SourceTitle "playchess.com"]
[Source "ChessBase"]
[SourceQuality "1"]
[TimeControl "40/5400+30:1800+30"]

1. d4 {[%emt 0:00:00]} Nf6 {[%emt 0:00:00]} 2. Bf4 {[%emt 0:00:00]} d5 {[%emt 0:00:24]} 3. e3 {[%emt 0:00:11]} g6 {[%emt 0:01:53]} 4. Nc3 {[%emt 0:00:54]} Bg7 {[%emt 0:01:43]} 5. h4 {[%emt 0:00:57]} c5 {[%emt 0:07:04]} 6. Nb5 {[%emt 0:00:55]} Na6 {[%emt 0:00:34]} 7. c3 {[%emt 0:00:41]} Bd7 {[%emt 0:08:58]} 8. a4 {[%emt 0:08:25]} c4 {[%emt 0:06:21]} 9. Be2 {[%emt 0:02:23]} Qb6 {[%emt 0:06:18]} 10. h5 {[%emt 0:02:51]} Bxb5 {[%emt 0:02:50]} 11. axb5 {[%emt 0:00:18]} Qxb5 {[%emt 0:00:06]} 12. Qc2 {[%emt 0:11:54]} Qc6 {[%emt 0:07:53]} 13. h6 {[%emt 0:19:19]} Bf8 {[%emt 0:00:08]} 14. Nf3 {[%emt 0:00:04]} Nd7 {[%emt 0:02:29]} 15. e4 {[%emt 0:06:09]} Rc8 {[%emt 0:17:55]} 16. Ne5 {[%emt 0:03:53]} Nxe5 {[%emt 0:05:34]} 17. Bxe5 {[%emt 0:00:09]} f6 {[%emt 0:00:29]} 18. exd5 {[%emt 0:03:46]} Qxd5 {[%emt 0:03:12]} 19. Bf3 {[%emt 0:02:31]} Qd7 {[%emt 0:02:56]} 20. Bg3 {[%emt 0:00:59]} Nb8 {[%emt 0:11:15]} 21. Bxb8 {[%emt 0:02:49]} Rxb8 {[%emt 0:00:01]} 22. Rxa7 {[%emt 0:00:15]} e6 {[%emt 0:03:06]} 23. Qe2 {[%emt 0:02:09]} Bd6 {[%emt 0:03:04]} 24. Qxc4 {[%emt 0:06:08]} O-O {[%emt 0:03:49]} 25. O-O {[%emt 0:03:26]} Rfc8 {[%emt 0:00:10]} 26. Qb3 {[%emt 0:00:40]} Rc7 {[%emt 0:00:17]} 27. Re1 {[%emt 0:00:28]} Kf7 {[%emt 0:00:16]} 28. Rxe6 {[%emt 0:02:24]} Qxe6 {[%emt 0:03:20]} 29. Bd5 {[%emt 0:00:05]} Re8 {[%emt 0:00:23]} 30. g3 {[%emt 0:00:19]} Rce7 {[%emt 0:00:53]} 31. Bxe6+ {[%emt 0:00:35]} Rxe6 {[%emt 0:00:03]} 32. Rxb7+ {[%emt 0:00:22]} Kg8 {[%emt 0:00:42]} 33. Rg7+ {[%emt 0:01:14]} Kh8 {[%emt 0:00:12]} 34. Qb7 {[%emt 0:00:11]} Be7 {[%emt 0:01:39]} 35. Qd7 {[%emt 0:00:40]} Re1+ {[%emt 0:00:09]} 36. Kg2 {[%emt 0:00:11]} 1-0

[Event "Fredericia WIM 2019"]
[Site "Fredericia"]
[Date "2019.05.30"]
[Round "2.9"]
[White "Kakulidis, Ellen"]
[Black "Mayrhuber, Nikola"]
[Result "1/2-1/2"]
[WhiteElo "2014"]
[BlackElo "1985"]
[Annotator "NA"]
[PlyCount "79"]
[EventDate "2019.05.29"]
[EventType "tourn"]
[EventCountry "DEN"]
[SourceTitle "playchess.com"]
[Source "ChessBase"]
[SourceQuality "1"]
[TimeControl "40/5400+30:1800+30"]

1. d4 {[%emt 0:00:00]} Nf6 {[%emt 0:00:00]} 2. g3 {[%emt 0:00:00]} d5 {[%emt 0:00:00]} 3. Nf3 {[%emt 0:00:00]} e6 {[%emt 0:00:03]} 4. Bg2 {[%emt 0:00:00]} b5 {[%emt 0:00:48]} 5. O-O {[%emt 0:04:46]} Be7 {[%emt 0:00:21]} 6. Ne5 {[%emt 0:00:05]} Nfd7 {[%emt 0:02:36]} 7. Nxd7 {[%emt 0:15:54]} Nxd7 {[%emt 0:00:14]} 8. a4 {[%emt 0:00:24]} b4 {[%emt 0:00:50]} 9. c4 {[%emt 0:00:57]} bxc3 {[%emt 0:00:54]} 10. Nxc3 {[%emt 0:01:26]} Ba6 {[%emt 0:00:48]} 11. Re1 {[%emt 0:04:24]} Rb8 {[%emt 0:04:47]} 12. e4 {[%emt 0:04:35]} c6 {[%emt 0:04:11]} 13. h4 {[%emt 0:08:00]} O-O {[%emt 0:04:15]} 14. exd5 {[%emt 0:11:42]} cxd5 {[%emt 0:00:15]} 15. Nb5 {[%emt 0:00:17]} Bf6 {[%emt 0:05:44]} 16. Bf4 {[%emt 0:05:45]} Rb7 {[%emt 0:01:17]} 17. Bf1 {[%emt 0:00:14]} Qa5 {[%emt 0:05:08]} 18. b4 {[%emt 0:04:16]} Qxb4 {[%emt 0:18:11]} 19. Bd6 {[%emt 0:00:56]} Qa5 {[%emt 0:00:46]} 20. Bxf8 {[%emt 0:01:21]} Nxf8 {[%emt 0:01:41]} 21. Qg4 {[%emt 0:07:38]} Bxb5 {[%emt 0:10:09]} 22. axb5 {[%emt 0:01:24]} Qb4 {[%emt 0:03:50]} 23. Red1 {[%emt 0:00:43]} Ng6 {[%emt 0:02:08]} 24. Rac1 {[%emt 0:02:53]} Ne7 {[%emt 0:10:07]} 25. Qf4 {[%emt 0:08:14]} h6 {[%emt 0:05:59]} 26. Rb1 {[%emt 0:04:39]} Qa4 {[%emt 0:03:23]} 27. Ra1 {[%emt 0:00:34]} Qb4 {[%emt 0:00:13]} 28. Qd2 {[%emt 0:05:05]} Qd6 {[%emt 0:01:55]} 29. Ra6 {[%emt 0:00:29]} Qb8 {[%emt 0:00:05]} 30. Qb4 {[%emt 0:02:20]} Nf5 {[%emt 0:00:49]} 31. Qc3 {[%emt 0:01:41]} g6 {[%emt 0:02:29]} 32. Rc6 {[%emt 0:00:13]} Kg7 {[%emt 0:00:21]} 33. Rd2 {[%emt 0:00:49]} h5 {[%emt 0:00:47]} 34. Rc8 {[%emt 0:01:41]} Qd6 {[%emt 0:00:08]} 35. Rc6 {[%emt 0:00:05]} Qb8 {[%emt 0:01:22]} 36. Rd1 {[%emt 0:01:01]} Nd6 {[%emt 0:01:14]} 37. Ra1 {[%emt 0:01:46]} Nxb5 {[%emt 0:03:23]} 38. Bxb5 {[%emt 0:00:28]} Rxb5 {[%emt 0:00:05]} 39. Rc8 {[%emt 0:01:57]} Qb6 {[%emt 0:02:33]} 40. Qa3 {[%emt 0:00:45]} 1/2-1/2